| 000 | 01079nam a22003377a 4500 | ||
|---|---|---|---|
| 001 | 200460458 | ||
| 003 | TR-AnTOB | ||
| 005 | 20240529103134.0 | ||
| 008 | 240529b tu ||||| |||| 00| 0 tur d | ||
| 020 | _a9786054435265 | ||
| 040 |
_aTR-AnTOB _beng _cTR-AnTOB _erda |
||
| 041 |
_atur _heng |
||
| 092 |
_a808.0683283 _bLOB 2023 |
||
| 099 | _a2012 AD 26627 | ||
| 100 | 1 |
_aLobel, Arnold, _d1933-1987 |
|
| 245 | 1 | 0 |
_aAyrılmaz ikili Kurbağa ve Murbağa / _cArnold Lobel ; çeviren: Ece Özkan. |
| 250 | _a13. bsk. | ||
| 260 |
_aİstanbul : _bKelime Yayınları, _c2023. |
||
| 300 |
_a64 Pages. : _bill. ; _c20 cm. |
||
| 336 |
_atext _btxt _2rdacontent |
||
| 337 |
_aunmediated _bn _2rdamedia |
||
| 338 |
_avolume _bnc _2rdacarrier |
||
| 440 | 0 |
_aKelime yayınları ; _v90. _pÇocuk edebiyatı |
|
| 500 | _aÖzgün eseradı: Frog and toad together | ||
| 546 | _aMetin Türkçe, İngilizce'den çeviri | ||
| 650 | 4 | _aÇocuk hikâyeleri, Amerikan | |
| 700 | 1 |
_aÖzkan, Ece, _eçev. |
|
| 942 |
_2ddc _cBK |
||
| 999 |
_c200460458 _d78670 |
||